01001nam a2200253Ia 450000500170000000800410001702000150005804000180007304100080009108200210009910000310012024500600015125000120021126000580022330000290028165000430031065000420035365000390039565000360043494200300047099900190050095201140051995201140063320230707111129.0210716s2000 xx 000 0 und d a9812400583 cAIMIT LIBRARY aeng a004.65 21bMILM aMiller, Michael A.9125910 aData and network communications /cBy Michael A MIller. a1st ed. aNew Delhi :bVikas Publishing House Pvt Ltd ,c2000. axiii,522p. ;bPBc24 cm. aError detection and correction9125911 aOSI physical layer components9125912 aFiber optic communications9125913 aWireless communications9125914 2ddccBKe1stk004.65 MILM c184217d184217 00102ddc40708MCAaAIMITbAIMITd2021-07-16l0o004.65 MILMpMCA03725r2025-07-21 00:00:00w2021-07-16yBK 00102ddc40708MCAaAIMITbAIMITd2021-07-16l0o004.65 MILMpMCA03735r2025-07-21 00:00:00w2021-07-16yBK